| 000 | 00767nam a2200217Ia 4500 | ||
|---|---|---|---|
| 003 | GCL | ||
| 005 | 20240530103123.0 | ||
| 008 | 140319s9999 xx 000 0 ara d | ||
| 020 | _a8119114977 | ||
| 040 |
_aGCL / _cGCL |
||
| 082 | 0 | 4 |
_a214.32 _bم ف |
| 100 | 1 | _aمحمد الغزالى | |
| 245 | 1 | 0 |
_aالفساد السياسى فى المجتمعات العربية والاسلامية : _bازمة الشورى / _cمحمد الغزالى |
| 250 | _aثانية | ||
| 260 |
_aالقاهرة : _bنهضة مصر للطباعة والنشر والتوزيع ، _c2000 |
||
| 300 |
_a142 ص ؛ _c24 سم |
||
| 650 | 0 | 4 | _aالاسلام |
| 650 | 0 | 4 | _aالاسلام والسياسة |
| 650 | 0 | 4 | _aالاسلام - نظريات سياسية |
| 942 |
_2ddc _cBK |
||
| 999 |
_c36985 _d36985 |
||